[Event "36th World Junior Girls"]
[Site "Manavgat TUR"]
[Date "2018.09.12"]
[Round "8.4"]
[White "Assaubayeva, Bibisara"]
[Black "Sliwicka, Alicja"]
[Result "1-0"]
[WhiteTitle "FM"]
[BlackTitle "WFM"]
[WhiteElo "2371"]
[BlackElo "2272"]
[WhiteFideId "13708694"]
[BlackFideId "1150677"]
[EventDate "2018.09.05"]

1. Nf3 c5 2. c4 Nc6 3. Nc3 e5 4. g3 g6 5. Bg2 Bg7 6. O-O Nge7 7. a3 d6 8. b4 Be6
9. bxc5 dxc5 10. Rb1 Qd7 11. d3 h6 12. Bd2 O-O 13. Ne4 b6 14. Bxh6 f6 15. Bxg7
Kxg7 16. h4 Rh8 17. Qd2 Rh5 18. Kh2 Rd8 19. Rbd1 Ng8 20. Kg1 Nh6 21. Nh2 Nf7 22.
f4 f5 23. Nc3 Bxc4 24. dxc4 Qxd2 25. Rxd2 Rxd2 26. Bxc6 Rc2 27. Nb5 Rh8 28. e4
exf4 29. Rxf4 Rxc4 30. Bd5 Rc1+ 31. Nf1 Nh6 32. e5 Ng4 33. e6 Nf6 34. Bc6 Re1
35. Nxa7 Rxe6 36. Bf3 Rd8 37. Nb5 Rd3 38. Kf2 Rb3 39. a4 Rb2+ 40. Kg1 Re1 41.
Bg2 Ra1 42. Nc3 Rb3 43. Ne2 Re3 44. Kf2 Rea3 45. Bc6 Ng4+ 46. Kg1 c4 47. Bb5 c3
48. Bd3 Rxa4 49. Rxa4 Rxa4 50. h5 Ra1 51. Kg2 Ne5 52. Bc2 Ra2 53. Nd4 gxh5 54.
Ne3 Ng4 55. Nd5 b5 56. Kf3 Ra1 57. Kf4 Nf6 58. Nxf5+ Kf7 59. Nxc3 b4 60. Nb5 Ra5
61. Nbd4 Rc5 62. Kg5 Nd5 63. Bb3 Ke8 64. Ne6 Rc3 65. Bxd5 b3 66. Nd6+ Kd7 67.
Ne4 Re3 68. Bxb3 Ke7 69. N6c5 Kf8 70. Kxh5 Kg7 71. g4 Rh3+ 72. Kg5 Rf3 73. Bd5
Kh8 74. Ne6 Ra3 75. Kf5 Ra5 76. Ke5 Ra1 77. g5 Rg1 78. Nf4 Kg7 79. Kf5 Rf1 80.
Ng3 Rg1 81. Ngh5+ Kh7 82. Nf6+ Kg7 83. g6 Kh6 84. Ng4+ Kg7 85. Nh5+ 1-0

[Event "36th World Junior Girls"]
[Site "Manavgat TUR"]
[Date "2018.09.12"]
[Round "8.28"]
[White "Catal, Uktenur"]
[Black "Bai, Xue"]
[Result "0-1"]
[WhiteElo "1809"]
[BlackElo "2073"]
[WhiteFideId "34504290"]
[BlackFideId "8608717"]
[EventDate "2018.09.05"]

1. d4 d5 2. c4 e6 3. Nc3 Nf6 4. Bg5 dxc4 5. e3 Bb4 6. Bxc4 c5 7. Ne2 a6 8. O-O
b5 9. Bb3 Bb7 10. dxc5 Nbd7 11. a4 Nxc5 12. axb5 Qxd1 13. Bxd1 O-O 14. Bxf6 gxf6
15. Bc2 axb5 16. Na2 Bd2 17. b4 Be4 18. Bxe4 Nxe4 19. Nd4 Ra4 20. Nc6 Rfa8 21.
Na5 Rc8 22. Nb3 Rc2 0-1

[Event "36th World Junior Girls"]
[Site "Manavgat TUR"]
[Date "2018.09.13"]
[Round "9.1"]
[White "Maltsevskaya, Aleksandra"]
[Black "Dordzhieva, Dinara"]
[Result "1/2-1/2"]
[BlackTitle "WIM"]
[WhiteElo "2234"]
[BlackElo "2318"]
[WhiteFideId "24174041"]
[BlackFideId "24157570"]
[EventDate "2018.09.05"]

1. e4 c6 2. d4 d5 3. exd5 cxd5 4. Bd3 Nc6 5. c3 Qc7 6. Qb3 Nxd4 7. Qxd5 e5 8.
Na3 Be6 9. Nb5 Qb8 10. Qe4 Nf6 11. Qh4 Nc6 12. Nf3 Be7 13. O-O Ng4 14. Bg5 f6
15. h3 fxg5 16. Qh5+ Kf8 17. hxg4 a6 18. Na3 e4 19. Bxe4 Qf4 20. Bf5 Bf7 21. Qh2
g6 22. Qxf4 gxf4 23. Be4 Kg7 24. Nc2 Rad8 25. Rfe1 Rhe8 26. Bxc6 bxc6 27. Ncd4
Rd6 28. b4 Bf6 29. Rxe8 Bxe8 30. Re1 Bf7 31. g5 Bxd4 32. Nxd4 Bxa2 33. Re7+ Kg8
34. Kh2 Rd5 35. Re4 Rxg5 36. Nxc6 Kg7 37. Nd4 Bd5 38. Ne6+ Bxe6 39. Rxe6 a5 40.
Re4 axb4 41. cxb4 Rf5 42. Rc4 g5 1/2-1/2

[Event "36th World Junior Girls"]
[Site "Manavgat TUR"]
[Date "2018.09.13"]
[Round "9.2"]
[White "Assaubayeva, Bibisara"]
[Black "Khomeriki, Nino"]
[Result "1-0"]
[WhiteTitle "FM"]
[BlackTitle "WIM"]
[WhiteElo "2371"]
[BlackElo "2313"]
[WhiteFideId "13708694"]
[BlackFideId "13603191"]
[EventDate "2018.09.05"]

1. e4 e5 2. Nf3 Nc6 3. Bc4 Nf6 4. d3 Be7 5. O-O O-O 6. Re1 d6 7. a4 Kh8 8. a5 a6
9. h3 Ng8 10. Nc3 f5 11. Nd5 Bf6 12. c3 h6 13. exf5 Bxf5 14. d4 exd4 15. cxd4
Qd7 16. Be3 Be4 17. Nxf6 Nxf6 18. Nd2 Bd5 19. Bd3 Nb4 20. Bb1 Be6 21. Nf3 Nfd5
22. Nh4 Rf6 23. Bd2 Nc6 24. Ra3 Qf7 25. Rg3 Nce7 26. Qc2 g5 27. Rf3 Rxf3 28.
Nxf3 Bf5 29. Qb3 Bxb1 30. Qxb7 Rg8 31. Rxb1 g4 32. hxg4 Qg6 33. Rf1 Qxg4 34. Ne1
Qe2 35. Bxh6 Kh7 36. Bc1 Qc4 37. Nf3 Qd3 38. Ne1 Qd1 39. Be3 Kh8 40. Qxa6 1-0

[Event "36th World Junior Girls"]
[Site "Manavgat TUR"]
[Date "2018.09.13"]
[Round "9.3"]
[White "Paramzina, Anastasya"]
[Black "Tokhirjonova, Gulrukhbegim"]
[Result "0-1"]
[WhiteTitle "WGM"]
[BlackTitle "WGM"]
[WhiteElo "2222"]
[BlackElo "2369"]
[WhiteFideId "4165012"]
[BlackFideId "14203626"]
[EventDate "2018.09.05"]

1. e4 e5 2. Nf3 Nc6 3. Bc4 Nf6 4. d3 h6 5. O-O d6 6. c3 g5 7. Be3 Bg7 8. Nbd2
Ne7 9. d4 Ng6 10. dxe5 dxe5 11. Qb3 O-O 12. Bc5 g4 13. Bxf8 Qxf8 14. Ne1 c6 15.
a4 h5 16. Nd3 Bh6 17. Rad1 h4 18. Qb4 Qd8 19. Nb3 Qc7 20. Nd2 h3 21. g3 b6 22.
f3 Bb7 23. Qb3 Rd8 24. fxg4 Qe7 25. Bxf7+ Kg7 26. Nf3 Be3+ 27. Kh1 c5 28. Bxg6
Nxe4 29. Bxe4 Bxe4 30. Ne1 Rf8 31. Qc4 Bc6 32. Qe2 Qg5 33. Nc2 Qxg4 34. Nxe3
Rxf3 35. Kg1 Rxg3+ 36. hxg3 Qxe2 37. Nf5+ Kh7 0-1

[Event "36th World Junior Girls"]
[Site "Manavgat TUR"]
[Date "2018.09.13"]
[Round "9.4"]
[White "Hojjatova, Aydan"]
[Black "Potapova, Margarita"]
[Result "0-1"]
[WhiteTitle "WGM"]
[BlackTitle "WFM"]
[WhiteElo "2356"]
[BlackElo "2277"]
[WhiteFideId "13401491"]
[BlackFideId "14126869"]
[EventDate "2018.09.05"]

1. d4 Nf6 2. Bg5 d5 3. Bxf6 exf6 4. e3 c6 5. c4 dxc4 6. Bxc4 Bd6 7. Nc3 O-O 8.
Qc2 Nd7 9. Bd3 g6 10. h4 f5 11. h5 Nf6 12. hxg6 hxg6 13. Nf3 Qe7 14. O-O-O b5
15. g4 Nxg4 16. Rdg1 Kg7 17. e4 fxe4 18. Nxe4 f5 19. Neg5 Bf4+ 20. Kb1 Bxg5 21.
Nxg5 Qxg5 22. Qxc6 Qf6 23. Qxa8 Nxf2 24. Rc1 Qxd4 25. Bxb5 Nxh1 26. Qxh1 Be6 27.
Bc6 f4 28. Qh4 Qf6 29. Qf2 Rf7 30. Ka1 Rc7 31. Rc3 Bf7 32. Qf3 Qe6 33. b3 Qe5
34. Kb2 Qf6 35. Qe4 Re7 36. Qb4 Re3 37. Kc2 Re2+ 38. Kb1 Qf5+ 39. Ka1 Qe5 40.
Qc5 Qf6 41. Kb1 g5 42. Bf3 Bg6+ 43. Kc1 Rxa2 44. Qc7+ Kh6 45. Be4 Ra1+ 46. Kb2
Re1 47. Bxg6 Kxg6 48. Kc2 Re7 49. Qc4 Qe6 50. Qd3+ Qe4 51. Rc6+ Kh5 0-1

[Event "36th World Junior Girls"]
[Site "Manavgat TUR"]
[Date "2018.09.13"]
[Round "9.5"]
[White "Gorti, Akshita"]
[Black "Nurgali, Nazerke"]
[Result "0-1"]
[WhiteTitle "FM"]
[BlackTitle "WFM"]
[WhiteElo "2315"]
[BlackElo "2080"]
[WhiteFideId "2072505"]
[BlackFideId "13711261"]
[EventDate "2018.09.05"]

1. d4 Nf6 2. c4 e6 3. Nc3 d5 4. Nf3 Be7 5. g3 O-O 6. Bg2 b6 7. O-O Bb7 8. Ne5
Na6 9. Bf4 c5 10. Rc1 Nc7 11. dxc5 Bxc5 12. Na4 Bd6 13. c5 bxc5 14. Nxc5 Bxc5
15. Rxc5 Qe7 16. Qd4 Na6 17. Rcc1 Rfc8 18. Rxc8+ Bxc8 19. Rc1 Bb7 20. Nc6 Qe8
21. Na5 Qb5 22. Nxb7 Qxb7 23. a3 Nd7 24. b4 Re8 25. Bd6 Qb6 26. Qxb6 Nxb6 27. b5
Rd8 28. Bf4 Nb8 29. Rc7 Rd7 30. Rc5 Rd8 31. Bxb8 Rxb8 32. Rc7 Ra8 33. e3 Kf8 34.
Bf1 Ke8 35. Bd3 h6 36. Kf1 Nd7 37. Ke2 Kd8 38. Rc3 Nb6 39. Bc2 Rc8 40. Rxc8+
Kxc8 41. a4 Kc7 42. Kd3 Kd6 43. Kc3 Kc5 44. Bb3 Nd7 45. Bc2 Nf6 46. h3 Nd7 47.
f4 f6 48. g4 e5 49. h4 g5 50. hxg5 hxg5 51. fxg5 fxg5 52. Bd1 Nf6 53. Bf3 Ne8
54. Be2 Nc7 55. Bd1 Ne6 56. Bc2 Nd8 57. Bd1 Nb7 58. Be2 Nd6 59. Bd3 e4 60. Be2
Nc4 0-1

[Event "36th World Junior Girls"]
[Site "Manavgat TUR"]
[Date "2018.09.13"]
[Round "9.6"]
[White "Antova, Gabriela"]
[Black "Varshini, V"]
[Result "0-1"]
[WhiteTitle "FM"]
[BlackTitle "WIM"]
[WhiteElo "2292"]
[BlackElo "2173"]
[WhiteFideId "2915235"]
[BlackFideId "5091241"]
[EventDate "2018.09.05"]

1. d4 d5 2. Nf3 Nf6 3. c4 e6 4. Nc3 Be7 5. Bf4 O-O 6. e3 a6 7. cxd5 exd5 8. Bd3
Nbd7 9. Rc1 c6 10. Qc2 Re8 11. O-O Nf8 12. h3 Ng6 13. Bh2 Bd6 14. Bxd6 Qxd6 15.
Rb1 Bd7 16. b4 Re7 17. Na4 Rae8 18. Nc5 Bc8 19. Nd2 Nh4 20. Rfc1 Bxh3 21. gxh3
Rxe3 22. Bf1 Rg3+ 23. Kh1 Re2 24. Nde4 Nxe4 25. Nxe4 Rg1+ 26. Kxg1 Qg6+ 27. Ng3
Rxc2 28. Rxc2 Qxc2 29. Rb3 f5 30. Ne2 Qxa2 31. Re3 Qd2 32. Nf4 Qxd4 33. Nd3 f4
34. Re7 Nf3+ 35. Kg2 Nd2 36. Ne5 Kf8 37. Re6 Nxf1 38. Kxf1 Qxb4 0-1

[Event "36th World Junior Girls"]
[Site "Manavgat TUR"]
[Date "2018.09.13"]
[Round "9.7"]
[White "Chitlange, Sakshi"]
[Black "Tsolakidou, Stavroula"]
[Result "0-1"]
[WhiteTitle "WIM"]
[BlackTitle "IM"]
[WhiteElo "2279"]
[BlackElo "2393"]
[WhiteFideId "35002899"]
[BlackFideId "4264312"]
[EventDate "2018.09.05"]

1. d4 Nf6 2. c4 e6 3. Nf3 c5 4. d5 d6 5. Nc3 exd5 6. cxd5 g6 7. g3 Bg7 8. Bg2
O-O 9. O-O a6 10. a4 Nbd7 11. Bf4 Qe7 12. h3 Re8 13. Re1 h6 14. e4 Nh5 15. Be3
Rb8 16. Qc1 Qf8 17. Bd2 c4 18. Bf1 Nc5 19. Bxc4 Bxh3 20. b4 Nd7 21. Ra2 Rbc8 22.
Be2 Bxc3 23. Bxc3 Rxe4 24. Rc2 Bg4 25. Kg2 Rce8 26. Nd4 Bxe2 27. Rcxe2 Rxe2 28.
Rxe2 Kh7 29. Bd2 Rxe2 30. Nxe2 Qe7 31. Nc3 Nb6 32. Bxh6 Nxd5 33. Bg5 Qe6 34.
Nxd5 Qxd5+ 35. Kg1 Qf5 36. Be3 Qf3 37. Bd4 Nxg3 38. fxg3 Qxg3+ 39. Kf1 Qd3+ 40.
Kg2 Qxd4 41. Qc7 Qd5+ 42. Kg3 Kg7 43. b5 axb5 44. axb5 Qxb5 45. Qxd6 Qg5+ 46.
Kh3 b5 47. Qd4+ Qf6 48. Qb4 Qe6+ 49. Kg3 Qc4 50. Qb2+ Kg8 51. Qe5 b4 52. Kf2 Qc3
53. Qe8+ Kg7 54. Qa4 b3 55. Qa3 Qc2+ 56. Kg3 b2 57. Qa5 Qd3+ 58. Kg2 Qe2+ 59.
Kg3 b1=Q 60. Qc3+ Kh7 0-1

[Event "36th World Junior Girls"]
[Site "Manavgat TUR"]
[Date "2018.09.13"]
[Round "9.9"]
[White "Altantuya, Boldbaatar"]
[Black "Zhu, Jiner"]
[Result "0-1"]
[WhiteTitle "WFM"]
[BlackTitle "WIM"]
[WhiteElo "2210"]
[BlackElo "2364"]
[WhiteFideId "4902785"]
[BlackFideId "8608059"]
[EventDate "2018.09.05"]

1. d4 Nf6 2. c4 g6 3. Nc3 Bg7 4. Nf3 O-O 5. g3 d6 6. Bg2 c6 7. O-O Qa5 8. h3 e5
9. e4 Nbd7 10. Re1 exd4 11. Nxd4 Ne5 12. Bf1 Re8 13. Be3 Qc7 14. Rc1 a5 15. b3
Ned7 16. Qc2 Nc5 17. Bg2 Bd7 18. a3 Qc8 19. Kh2 Re5 20. g4 Qf8 21. Rcd1 Ree8 22.
Bf4 Rad8 23. Ndb5 Bxg4 24. Bxd6 Bxd1 25. Rxd1 Rxd6 26. Nxd6 Rd8 27. e5 Ng4+ 28.
hxg4 Bxe5+ 29. Kg1 Rxd6 30. Re1 Re6 31. Rd1 Re8 32. Ne4 Ne6 33. g5 Qe7 34. Qd2
Rd8 35. Qe1 Rxd1 36. Qxd1 Nxg5 37. Nxg5 Qxg5 38. Kf1 h5 39. Qd7 Qc1+ 40. Ke2
Qb2+ 41. Ke3 Qxb3+ 42. Ke4 Bf6 43. Bf1 Qxa3 0-1

[Event "36th World Junior Girls"]
[Site "Manavgat TUR"]
[Date "2018.09.13"]
[Round "9.10"]
[White "Unuk, Laura"]
[Black "Meenal, Gupta"]
[Result "1-0"]
[WhiteTitle "WIM"]
[WhiteElo "2299"]
[BlackElo "1963"]
[WhiteFideId "14609215"]
[BlackFideId "25070479"]
[EventDate "2018.09.05"]

1. d4 Nf6 2. c4 e6 3. Nf3 Bb4+ 4. Nbd2 b6 5. a3 Bxd2+ 6. Qxd2 a5 7. b3 d6 8. e3
Bb7 9. Be2 Nbd7 10. Bb2 Qe7 11. Qc2 Be4 12. Bd3 Bxf3 13. gxf3 e5 14. O-O-O c5
15. dxe5 Nxe5 16. Be4 O-O-O 17. f4 Ng6 18. Bf5+ Kc7 19. Rhg1 Ne8 20. Be4 f6 21.
Qd3 Nf8 22. Qd5 Rb8 23. Bf3 Qe6 24. Qc6+ Kd8 25. e4 h5 26. e5 fxe5 27. fxe5 Rh6
28. exd6 Qf7 29. Rge1 1-0

[Event "36th World Junior Girls"]
[Site "Manavgat TUR"]
[Date "2018.09.13"]
[Round "9.12"]
[White "Kubicka, Anna"]
[Black "Diakonova, Ekaterina"]
[Result "0-1"]
[WhiteTitle "WIM"]
[WhiteElo "2204"]
[BlackElo "2243"]
[WhiteFideId "1152254"]
[BlackFideId "24172936"]
[EventDate "2018.09.05"]

1. e4 g6 2. d4 Bg7 3. Nc3 c6 4. Bc4 d5 5. exd5 b5 6. Bd3 b4 7. Nce2 Qxd5 8. Nf3
Bg4 9. Nf4 Qd8 10. h3 Bxf3 11. Qxf3 Nf6 12. Be3 Qa5 13. O-O O-O 14. a3 Rd8 15.
Rfb1 Nd5 16. Nxd5 cxd5 17. axb4 Qxb4 18. c3 Qb6 19. Qe2 Qc7 20. Bg5 Re8 21. Bb5
Nd7 22. Qf3 e6 23. Ra6 Qb7 24. Qd3 Rab8 25. Bc6 Qc7 26. Qg3 Qc8 27. Rba1 e5 28.
Qg4 Re6 29. Bxd7 Qxd7 30. Rxa7 Qe8 31. dxe5 Bxe5 32. R7a2 Bd6 33. Be3 Re4 34.
Qf3 h5 35. Ra6 Be5 36. Rb6 h4 37. Rxb8 Bxb8 38. Kf1 Qb5+ 39. Qe2 Qb7 40. b4 Be5
41. Ra7 Qc6 42. Qf3 f5 43. Qe2 f4 44. Ra6 Qxc3 45. Rxg6+ Bg7 46. Qb5 Qa1+ 47.
Ke2 Qa2+ 48. Kf3 fxe3 49. fxe3 Re7 50. Rg4 Qa8 51. Rxh4 d4+ 52. e4 Qa3+ 53. Ke2
Qe3+ 54. Kd1 Qg1+ 55. Ke2 Qxg2+ 56. Kd1 Qg1+ 57. Ke2 Qe3+ 58. Kd1 Qb3+ 59. Ke1
Qg3+ 0-1

[Event "36th World Junior Girls"]
[Site "Manavgat TUR"]
[Date "2018.09.13"]
[Round "9.14"]
[White "Dwilewicz, Katarzyna"]
[Black "Sieber, Fiona"]
[Result "0-1"]
[WhiteTitle "WFM"]
[BlackTitle "WIM"]
[WhiteElo "2081"]
[BlackElo "2277"]
[WhiteFideId "1148486"]
[BlackFideId "12902373"]
[EventDate "2018.09.05"]

1. e4 c5 2. Nf3 e6 3. d4 cxd4 4. Nxd4 Nf6 5. Nc3 d6 6. g4 h6 7. h4 Nc6 8. Rg1 h5
9. gxh5 Nxh5 10. Bg5 Nf6 11. Qd2 Qb6 12. Nb3 a6 13. O-O-O Bd7 14. Be2 Rc8 15.
Kb1 Qc7 16. f4 b5 17. a3 Nh7 18. f5 Ne5 19. fxe6 Bxe6 20. Nd5 Bxd5 21. exd5 Nxg5
22. hxg5 g6 23. Bg4 Ra8 24. Nd4 Bg7 25. Nc6 a5 26. Rde1 O-O 27. Nxe5 Bxe5 28.
Rh1 Qe7 29. Qe3 Kg7 30. Rh6 Rh8 31. Qd2 Rxh6 32. gxh6+ Kh7 33. Rf1 b4 34. a4 f5
35. Be2 Qf6 36. Bd3 Bxb2 37. Ka2 Rc8 38. Qe3 Bd4 39. Qh3 Rc3 40. Kb1 b3 41. Qg2
b2 42. Qe2 Ra3 43. c4 Qg5 44. Re1 Qc1+ 0-1

[Event "36th World Junior Girls"]
[Site "Manavgat TUR"]
[Date "2018.09.13"]
[Round "9.15"]
[White "Alinasab, Mobina"]
[Black "Lingur, Zalina"]
[Result "0-1"]
[WhiteTitle "WIM"]
[BlackTitle "WFM"]
[WhiteElo "2261"]
[BlackElo "2061"]
[WhiteFideId "12528897"]
[BlackFideId "34165670"]
[EventDate "2018.09.05"]

1. e4 e6 2. d4 d5 3. Nd2 Be7 4. Ngf3 Nf6 5. e5 Nfd7 6. Bd3 c5 7. c3 Nc6 8. O-O
a5 9. Re1 cxd4 10. cxd4 Qb6 11. Nb1 Nxd4 12. Nxd4 Qxd4 13. Nc3 Bc5 14. Be3 Qh4
15. Nb5 O-O 16. Rc1 b6 17. Bb1 Bb7 18. Bxc5 bxc5 19. Rc3 g6 20. Qc1 Rab8 21. Rh3
Qe7 22. Qh6 f5 23. exf6 Rxf6 24. Rg3 Qg7 25. Qd2 Rbf8 26. f3 Bc6 27. Nc3 Qf7 28.
h4 Kh8 29. Nd1 Rf4 30. Nf2 e5 31. Ng4 e4 32. fxe4 d4 33. Bd3 Qe6 34. Nh2 Ne5 35.
Bb1 Qf6 36. Qxa5 Qxh4 37. Rh3 Qf2+ 38. Kh1 Nc4 0-1

[Event "36th World Junior Girls"]
[Site "Manavgat TUR"]
[Date "2018.09.13"]
[Round "9.16"]
[White "Sankova, Stella"]
[Black "Caglar, Sila"]
[Result "0-1"]
[WhiteTitle "WFM"]
[BlackTitle "WFM"]
[WhiteElo "2081"]
[BlackElo "2208"]
[WhiteFideId "14944200"]
[BlackFideId "6364063"]
[EventDate "2018.09.05"]

1. e4 c5 2. Nc3 Nc6 3. f4 g6 4. Nf3 Bg7 5. Bb5 Nd4 6. O-O e6 7. d3 Ne7 8. Nxd4
cxd4 9. Ne2 a6 10. Ba4 O-O 11. Qe1 f5 12. e5 b5 13. Bb3 Nc6 14. Qf2 d6 15. Nxd4
Nxd4 16. Qxd4 dxe5 17. Qxd8 Rxd8 18. fxe5 Bxe5 19. Re1 Bd4+ 20. Kf1 Kf7 21. c3
Bf6 22. d4 g5 23. Bd2 a5 24. a3 Ra6 25. Re3 Bb7 26. Rh3 Kg6 27. Re1 Be4 28. Bd1
e5 29. Bh5+ Kg7 30. dxe5 Rxd2 31. exf6+ Rxf6 32. Rg3 Rxb2 33. Rxg5+ Kh6 34. h4
Rxg2 35. Rxe4 Rxg5 36. hxg5+ Kxg5 37. Re7 Kxh5 38. Rxh7+ Kg4 39. Rb7 Rc6 40.
Rxb5 Rxc3 41. Rxa5 f4 42. Ra8 Kf3 43. Ke1 Rc1+ 44. Kd2 Ra1 45. a4 Kg2 46. a5 f3
47. Rg8+ Kf1 48. Rg3 f2 49. Rg5 Ra3 50. Rf5 Kg2 51. Rg5+ Rg3 0-1

[Event "36th World Junior Girls"]
[Site "Manavgat TUR"]
[Date "2018.09.13"]
[Round "9.17"]
[White "Ghukasyan, Siranush"]
[Black "Gomez Barrera, Javiera Belen"]
[Result "1/2-1/2"]
[WhiteTitle "WIM"]
[BlackTitle "WIM"]
[WhiteElo "2205"]
[BlackElo "2035"]
[WhiteFideId "13300946"]
[BlackFideId "3418723"]
[EventDate "2018.09.05"]

1. e4 e5 2. Nf3 Nc6 3. Bb5 a6 4. Ba4 Nf6 5. d4 exd4 6. O-O Be7 7. e5 Ne4 8. Nxd4
Nxd4 9. Qxd4 Nc5 10. Nc3 Nxa4 11. Nxa4 O-O 12. Bf4 b5 13. Nc3 Bb7 14. Rad1 Bc6
15. Nd5 Re8 16. Rfe1 Bxd5 17. Qxd5 d6 18. exd6 Bxd6 19. Bxd6 Qxd6 20. Qxa8 Rxa8
21. Rxd6 cxd6 22. Re7 Rc8 23. Rb7 Kf8 24. c3 Rc6 25. Kf1 g6 26. Ke2 Kg7 27. Kd3
Kf6 28. a4 bxa4 29. Rb4 a3 30. b3 Rc5 31. Ra4 Rd5+ 32. Kc2 Re5 33. Kd2 Rd5+ 34.
Kc1 Rc5 35. c4 a5 36. Kd2 d5 37. Kd3 dxc4+ 38. bxc4 Ke5 39. Rxa3 h5 40. Ra2 Kd6
41. h4 Rf5 42. g3 f6 43. f4 Rc5 44. Kd4 g5 45. Rb2 gxh4 46. gxh4 Rf5 47. Ke4 Rc5
48. Kd4 Rf5 49. Ke4 1/2-1/2

[Event "36th World Junior Girls"]
[Site "Manavgat TUR"]
[Date "2018.09.13"]
[Round "9.18"]
[White "Bai, Xue"]
[Black "Chu, Ruotong"]
[Result "1-0"]
[BlackTitle "WIM"]
[WhiteElo "2073"]
[BlackElo "2199"]
[WhiteFideId "8608717"]
[BlackFideId "8605653"]
[EventDate "2018.09.05"]

1. e4 c5 2. Nf3 a6 3. c4 Nc6 4. d4 cxd4 5. Nxd4 e5 6. Nxc6 bxc6 7. Be2 Bc5 8.
Qb3 Bd4 9. Be3 c5 10. Bxd4 cxd4 11. O-O Ne7 12. f4 exf4 13. Rxf4 Qc7 14. Qg3 Ng6
15. Rf2 Qxg3 16. hxg3 Bb7 17. Bf3 Ne5 18. Na3 g5 19. Bh5 Ke7 20. Nc2 d3 21. Nd4
Rhf8 22. Nf5+ Ke6 23. Nd4+ Kd6 24. Rf6+ Ke7 25. Rb6 Bxe4 26. Re1 f5 27. Nxf5+
Rxf5 28. Rxe4 Raf8 29. c5 R8f6 30. Kh2 d2 31. Be2 Rxb6 32. cxb6 Kd6 33. Rd4+ Kc6
34. Rxd2 Kxb6 35. g4 Rf6 36. Kg3 Kc5 37. a3 a5 38. Bd1 d5 39. b4+ axb4 40. axb4+
Kc6 41. Ba4+ Kd6 42. Bb3 Rf4 43. Rxd5+ Ke6 44. Rd4+ Kf6 45. Rxf4+ gxf4+ 46. Kh4
f3 47. gxf3 Nxf3+ 48. Kh5 Ke5 49. Bg8 Kd4 50. Kh6 Ne5 51. g5 Nf3 52. Bb3 Kc3 53.
b5 1-0

[Event "36th World Junior Girls"]
[Site "Manavgat TUR"]
[Date "2018.09.13"]
[Round "9.19"]
[White "Li, Yunshan"]
[Black "Schneider, Jana"]
[Result "1/2-1/2"]
[WhiteTitle "WFM"]
[BlackTitle "FM"]
[WhiteElo "2060"]
[BlackElo "2190"]
[WhiteFideId "8607664"]
[BlackFideId "12924997"]
[EventDate "2018.09.05"]

1. d4 Nf6 2. c4 e6 3. g3 d5 4. Nf3 Bb4+ 5. Bd2 Bd6 6. Bg2 Nbd7 7. O-O O-O 8. Qc2
c6 9. Bg5 h6 10. Bxf6 Nxf6 11. Nbd2 b6 12. e4 Be7 13. e5 Nd7 14. cxd5 cxd5 15.
Rfc1 Bb7 16. Qc7 Rb8 17. Bf1 a6 18. Nb3 Re8 19. Ne1 f6 20. Bh3 Nf8 21. Nd3 Qxc7
22. Rxc7 Bd8 23. Rc2 f5 24. Nb4 Kf7 25. Bf1 Ra8 26. a4 a5 27. Nc6 Be7 28. Nxe7
Rxe7 29. Rac1 Nd7 30. Rc7 Ba6 31. Bxa6 Rxa6 32. Rb7 Ra8 33. Rcc7 Rb8 34. Ra7 Ke8
35. Rc3 Nf8 1/2-1/2

[Event "36th World Junior Girls"]
[Site "Manavgat TUR"]
[Date "2018.09.13"]
[Round "9.20"]
[White "Urh, Zala"]
[Black "Isha, Sharma"]
[Result "0-1"]
[WhiteTitle "WFM"]
[BlackTitle "WCM"]
[WhiteElo "2128"]
[BlackElo "2012"]
[WhiteFideId "14611481"]
[BlackFideId "35006665"]
[EventDate "2018.09.05"]

1. d4 d6 2. Nf3 Nf6 3. c4 g6 4. Nc3 Bf5 5. d5 Bg7 6. Nd4 Bd7 7. e4 O-O 8. Be2 e5
9. Nb3 a5 10. Bg5 b6 11. Qd2 Na6 12. h4 Qc8 13. h5 a4 14. Nc1 Nc5 15. Qe3 Nxh5
16. Bxh5 gxh5 17. Nd3 f5 18. O-O-O Nxe4 19. Nxe4 fxe4 20. Qxe4 Bf5 21. Qh4 Bg6
22. f3 Qf5 23. Rh3 b5 24. Be3 Bf6 25. g4 hxg4 26. Qxg4 Qxg4 27. fxg4 bxc4 28.
Nb4 a3 29. g5 Bg7 30. Nc6 axb2+ 31. Kxb2 e4+ 32. Kb1 Rf3 33. Rdh1 Kf7 34. Bd4
e3+ 35. Kc1 Rf2 36. Bxe3 Rc2+ 37. Kd1 Raxa2 0-1

[Event "36th World Junior Girls"]
[Site "Manavgat TUR"]
[Date "2018.09.13"]
[Round "9.21"]
[White "Yang, Yijing"]
[Black "Serikbay, Assel"]
[Result "0-1"]
[WhiteTitle "WCM"]
[BlackTitle "WFM"]
[WhiteElo "2018"]
[BlackElo "2125"]
[WhiteFideId "8608601"]
[BlackFideId "13706799"]
[EventDate "2018.09.05"]

1. d4 d5 2. c4 c6 3. e3 Nf6 4. Nf3 a6 5. Bd3 Bg4 6. Nbd2 Nbd7 7. Qc2 e6 8. b3
Bd6 9. Bb2 O-O 10. Ne5 Bh5 11. O-O Bg6 12. Nxg6 hxg6 13. c5 Be7 14. f4 Ng4 15.
Rae1 f5 16. Nf3 Nh6 17. Qf2 g5 18. fxg5 Bxg5 19. Nxg5 Qxg5 20. Qf4 Qe7 21. h3
Nf6 22. Qg5 Nf7 23. Qg6 Nh7 24. Qh5 Nfg5 25. g4 Rf6 26. gxf5 exf5 27. Bxf5 Rh6
28. Qg4 g6 29. Bd3 Rh4 30. Qg3 Rxh3 31. Qg2 Rxe3 32. Rd1 Qc7 33. Qc2 Rg3+ 34.
Kh1 Rh3+ 35. Kg1 Qg3+ 36. Qg2 Qe3+ 0-1

[Event "36th World Junior Girls"]
[Site "Manavgat TUR"]
[Date "2018.09.13"]
[Round "9.22"]
[White "Doroy, Allaney Jia G"]
[Black "Ozbay, Ece"]
[Result "0-1"]
[WhiteTitle "WFM"]
[BlackTitle "WFM"]
[WhiteElo "1914"]
[BlackElo "2114"]
[WhiteFideId "5216729"]
[BlackFideId "6351743"]
[EventDate "2018.09.05"]

1. c4 c6 2. g3 d5 3. Bg2 Nf6 4. Nf3 Bg4 5. O-O e6 6. Qc2 Bd6 7. d3 Nbd7 8. Nbd2
a5 9. b3 Qc7 10. Bb2 h5 11. cxd5 exd5 12. e4 O-O-O 13. Ng5 h4 14. Nxf7 hxg3 15.
Nxd6+ Qxd6 16. hxg3 dxe4 17. dxe4 Ne5 18. Qc3 Qxd2 19. Qxe5 Qh6 20. Rfe1 Qh2+
21. Kf1 Bh3 22. Bxh3+ Qxh3+ 23. Ke2 Rhe8 24. Qxa5 Rxe4+ 25. Kf3 Rd3+ 26. Re3
Rexe3+ 27. fxe3 Qg4+ 28. Kg2 Qe2+ 29. Kh1 Rd5 30. Qa8+ Kc7 31. Bxf6 gxf6 32. Qe8
Rh5+ 33. Kg1 Qh2+ 34. Kf1 Rf5+ 35. Ke1 Qf2+ 36. Kd1 Rd5+ 37. Kc1 Qe1+ 38. Kb2
Rd2+ 39. Kc3 Rd1+ 40. Kb2 Qd2+ 41. Ka3 Qa5+ 42. Kb2 Rd2+ 43. Kb1 Qf5+ 0-1